000 01347nam a2200325 i 4500
003 EG-GICUC
005 20260121101237.0
008 251117s2020 ua a|||fr|||| 00| 0 ara d
020 _a9789770491621
040 _a EG-GICUC
_bara
_c EG-GICUC
_d EG-GICUC
_erda
041 0 _hara
082 0 4 _221
_a345.2
_bك ر . ت
092 0 4 _221
099 _aLaw1 07 345.2 ك ر . ت 2020
100 0 _aكريم سيد محمد السيد أبو العزم
_eمؤلف.
245 1 0 _aتطوير نظم إدارة الشراء الحكومي في مصر :
_b(من واقع النظرية والتطبيق في التجارب الدولية) /
_cدكـتور كريم سيد محمد السيد أبو العزم.
250 _aالطبعة الأولى
264 1 _aالقاهرة :
_bدار النهضة العربية ،
_c2020.
300 _a258 صفحة :
_bايضاحيات ؛
_c24 سم.
336 _2rda content
_atext
337 _2rda media
_aComputer
338 _2rda carrier
_aOnline Resource
504 _aيشتمل على إرجاعات ببليوجرافية
504 _a.ببليوجرافيا صفحات : (235-238)
546 _aالنص باللغة العربية
650 1 _aالقانون الإداري
856 4 0 _uhttps://fll.law.cu.edu.eg/fulltext/bks/B07-00758.pdf
905 _a33
942 _2ddc
_cBK
_e21
_n0
999 _c44055
_d44055